Derecho sucesorio
Guardat en:
| Autor principal: | |
|---|---|
| Altres autors: | |
| Format: | Llibre |
| Idioma: | espanyol |
| Publicat: |
Santiago
Jurídica de Chile
2011
|
| Edició: | 3a. ed |
| Matèries: | |
| Etiquetes: |
Afegir etiqueta
Sense etiquetes, Sigues el primer a etiquetar aquest registre!
|
MARC
| LEADER | 00000nam a2200000 a 4500 | ||
|---|---|---|---|
| 001 | UCG6240 | ||
| 003 | CL-VaPUC | ||
| 008 | 110414e20110100CL |||||||||||||||||spa|d | ||
| 020 | |a 9789561020658o.c | ||
| 020 | |a 9789561020665t.1 | ||
| 020 | |a 9789561020672t.2 | ||
| 020 | |a 9789561020689t.3 | ||
| 082 | 0 | 4 | |a 346.052 |b DOM |2 21 |
| 100 | 0 | |a Domínguez Benavente, Ramón |e author |9 556304 | |
| 700 | |a Domínguez Aguila, Ramón Horacio |e autor |9 620278 | ||
| 245 | 1 | 0 | |a Derecho sucesorio |
| 250 | |a 3a. ed | ||
| 300 | |a t | ||
| 942 | |c BK | ||
| 945 | |d 20110414 00:00:00 |a dcastane | ||
| 260 | |a Santiago |b Jurídica de Chile |c 2011 | ||
| 650 | 0 | |a Derecho sucesorio |9 255015 | |
| 650 | 0 | |a Albaceas |9 256324 | |
| 650 | 7 | |a HERENCIAS |2 CL-VaPUC |9 334113 | |
| 650 | 7 | |a TESTAMENTOS |2 CL-VaPUC |9 255014 | |
| 650 | 7 | |a LEGITIMACION |2 CL-VaPUC |9 256327 | |
| 650 | 0 | |a Código civil |9 256135 | |
| 651 | 7 | |a CHILE |2 CL-VaPUC |9 556306 | |
| 583 | |a last modification |c 20110414 00:00:00 |k Rodrigo Vera | ||
| 999 | |c 344514 |d 344512 | ||
| 952 | |0 0 |1 0 |4 0 |6 346_052000000000000_DOM_2011 |7 0 |8 A |9 442522 |a BIBDER |b BIBDER |d 2019-11-22 |h t.1 |i 4762614 |o 346.052 DOM 2011 |p 4762614 |r 2023-01-25 |w 2019-11-22 |y BK |k DER | ||
| 952 | |0 0 |1 0 |4 0 |6 346_052000000000000_DOM_2011 |7 0 |8 A |9 442523 |a BIBDER |b BIBDER |d 2019-11-22 |h t.1 |i 4762622 |l 4 |o 346.052 DOM 2011 |p 4762622 |r 2025-03-31 |s 2025-01-30 |w 2019-11-22 |y BK |k DER | ||
| 952 | |0 0 |1 0 |4 0 |6 346_052000000000000_DOM_2011 |7 0 |8 A |9 442524 |a BIBDER |b BIBDER |d 2019-11-22 |h t.1 |i 4762630 |l 1 |o 346.052 DOM 2011 |p 4762630 |r 2023-01-25 |s 2020-03-04 |w 2019-11-22 |y BK |k DER | ||
| 952 | |0 0 |1 0 |4 0 |6 346_052000000000000_DOM_2011 |7 0 |8 A |9 442525 |a BIBDER |b BIBDER |d 2019-11-22 |h t.2 |i 4762649 |l 2 |o 346.052 DOM 2011 |p 4762649 |r 2023-01-25 |s 2022-04-20 |w 2019-11-22 |y BK |k DER | ||
| 952 | |0 0 |1 0 |4 0 |6 346_052000000000000_DOM_2011 |7 0 |8 A |9 442526 |a BIBDER |b BIBDER |d 2019-11-22 |h t.2 |i 4762657 |l 2 |o 346.052 DOM 2011 |p 4762657 |r 2025-03-31 |s 2025-01-30 |w 2019-11-22 |y BK |k DER | ||
| 952 | |0 0 |1 0 |4 0 |6 346_052000000000000_DOM_2011 |7 0 |8 A |9 442527 |a BIBDER |b BIBDER |d 2019-11-22 |h t.2 |i 4762665 |o 346.052 DOM 2011 |p 4762665 |r 2023-01-25 |w 2019-11-22 |y BK |k DER | ||
| 952 | |0 0 |1 0 |4 0 |6 346_052000000000000_DOM_2011 |7 0 |8 A |9 442528 |a BIBDER |b BIBDER |d 2019-11-22 |h t.3 |i 4762673 |l 1 |o 346.052 DOM 2011 |p 4762673 |r 2023-01-25 |s 2020-03-04 |w 2019-11-22 |y BK |k DER | ||
| 952 | |0 0 |1 0 |4 0 |6 346_052000000000000_DOM_2011 |7 0 |8 A |9 442529 |a BIBDER |b BIBDER |d 2019-11-22 |h t.3 |i 4762681 |l 2 |o 346.052 DOM 2011 |p 4762681 |r 2025-03-31 |s 2025-01-30 |w 2019-11-22 |y BK |k DER | ||
| 952 | |0 0 |1 0 |4 0 |6 346_052000000000000_DOM_2011 |7 0 |8 A |9 442530 |a BIBDER |b BIBDER |d 2019-11-22 |h t.3 |i 476269K |o 346.052 DOM 2011 |p 476269K |r 2023-01-25 |w 2019-11-22 |y BK |k DER | ||